Top 10 des joueurs de + de 40ans avec la plus grosse valeur marchande - Statistiques

Statistiques générales
  • Ce quiz a été pris 84 fois
  • Le résultat moyen est 3 sur 10
Statistiques - réponses
Âge Club Valeur marchande (Millions)! Joueur % Correct
40 ans Al Nassr 12 Cristiano Ronaldo
100%
41 ans OGC Nice 0.5 Dante
77%
40 ans Fluminense FC 0.8 Thiago Silva
35%
42 ans Como 1907 0.6 Pepe Reina
16%
40 ans Real Oviedo 0.3 Santi Cazorla
11%
41 ans Ajax Amsterdam 0.2 Remko Pasveer
10%
40 ans Athens Kallithéa FC 0.1 Mathieu Valbuena
6%
41 ans Club Libertad 0.2 Óscar Cardozo
4%
43 ans EC Juventude 0.2 Nene
3%
43 ans Club Libertad 0.3 Roque Santa Cruz
3%
Aucun quiz correspondant
Distribution des résultats
% des personnes avec chaque résultat
Percentile par nombre de réponses
Votre historique - résultats
Vous n’avez pas pris ce quiz